Porovnanie poskytovania investičnej pomoci vo V4 regióne diplomová práca

Gespeichert in:
Bibliographische Detailangaben
1. Verfasser: Kosa, Bálint
Körperschaft: Obchodná fakulta EU. Katedra medzinárodného obchodu
Weitere Verfasser: Vargová, Andrea
Format: Buch
Sprache:Slowakisch
Veröffentlicht: Bratislava 2017
Tags: Tag hinzufügen
Keine Tags, Fügen Sie das erste Tag hinzu!

MARC

LEADER 00000nbm a2200000 4500
001 0230713
005 20180830101340.4
041 0 |a slo 
044 |a SK 
245 1 0 |a Porovnanie poskytovania investičnej pomoci vo V4 regióne  |b diplomová práca  |c Bálint Kosa ; Školiteľ: Andrea Vargová 
264 1 |a Bratislava  |c 2017 
300 |a 75 s. 
100 1 |a Kosa, Bálint 
700 1 |a Vargová, Andrea 
710 2 |a Obchodná fakulta EU. Katedra medzinárodného obchodu